| 000 -LEADER |
| fixed length control field |
01775nam a22001577a 4500 |
| 008 - FIXED-LENGTH DATA ELEMENTS--GENERAL INFORMATION |
| fixed length control field |
210924b ||||| |||| 00| 0 eng d |
| 100 ## - MAIN ENTRY--PERSONAL NAME |
| Personal name |
Resch, B., Hoyer, P. and Steyaert, C. |
| 245 ## - TITLE STATEMENT |
| Title |
Affective control in new collaborative work: Communal fantasies of purpose, growth and belonging |
| 260 ## - PUBLICATION, DISTRIBUTION, ETC. (IMPRINT) |
| Place of publication, distribution, etc |
Organization Studies |
| 300 ## - PHYSICAL DESCRIPTION |
| Extent |
42(5), May, 2021: p.787-809 |
| 520 ## - SUMMARY, ETC. |
| Summary, etc |
We examine the increasing popularity of collaborative work to understand the consequences of these practices for organizational control. Applying a Lacanian framework, we pay attention to how this (re-)emerging trend of collaborative work is underpinned by affect-laden fantasies of community-driven co-creation. Based on a multi-source study design to explore collaborative work, we identified three interrelated fantasies that arouse passionate attachments to collaborative community involvement: a spiritual fantasy of ‘purpose’, an entrepreneurial fantasy of ‘growth’ and a tribal fantasy of ‘belonging’. To preserve the relevance of Lacan’s thought for the inquiry of distributed, post-heroic and post-hierarchical work practice, we propose the notion of ‘communal Other’. This notion provides insights into the unfolding of control through the fantasmatic desire for wholeness by working in collaborative communities. Conceptually, we theorize how tensions between the paradoxical enjoyment of pleasure and pain – what Lacan called ‘jouissance’ – highlight the central importance of affective control in collaborative work. – Reproduced |
| 650 ## - SUBJECT ADDED ENTRY--TOPICAL TERM |
| Topical term or geographic name as entry element |
Affective control, Collaborative work, Community, fantasy, Jouissance, Lacan, Paradoxical tension |
| 9 (RLIN) |
27624 |
| 773 ## - HOST ITEM ENTRY |
| Main entry heading |
Organization Studies |
| 906 ## - LOCAL DATA ELEMENT F, LDF (RLIN) |
| Subject DIP |
INSTITUTIONAL MANAGEMENT |
| 942 ## - ADDED ENTRY ELEMENTS (KOHA) |
| Item type |
Articles |